{"text_format":"3","workbook":"xlsx","n_sheets":12,"sheets":["Let's Connect","Alt HBA","Alt HOA","Alt HOI","Alt H1","Alt H2","Alt H3U","Alt HP","Alt H0","Alt H9","Alt HMC","Alt HMU"],"not_rendered":{"images":2},"read":"whole","date_system":"1900"}

{"sheet":"Let's Connect","index":0,"n_rows":19,"n_cols":9,"rows_kept":19,"merged":[[0,4,2,16],[3,6,3,14],[14,8,14,12],[16,8,16,12],[18,8,18,12]]}
[{"$nulls":4},"Welcoming You All To Excel Tutorials By CA Isha Jaiswal"]
[]
[]
[{"$nulls":6},"Learn Excel with Practical Examples & Insights"]
{"$rows_empty":10}
[{"$nulls":8},"Connect with Isha On Instagram"]
[]
[{"$nulls":8},"On LinkedIn"]
[]
[{"$nulls":8},"See All Courses"]

{"sheet":"Alt HBA","index":1,"n_rows":31,"n_cols":6,"rows_kept":31}
["Employee Name","Hours Worked in a Week","Overtime Eligible","Base Salary (₹)","Department","Bonus"]
["Kavita",36,{"$f":"IF(B2>40, \"Yes\", \"No\")","v":"No"},{"v":33742,"d":"₹ 33,742"},"HR",{"$f":"IF(C2=\"Yes\", 5000, 0)","v":0}]
["Ritika",40,{"$f":"IF(B3>40, \"Yes\", \"No\")","v":"No"},{"v":44034,"d":"₹ 44,034"},"HR",{"$f":"IF(C3=\"Yes\", 5000, 0)","v":0}]
["Amit",40,"No",{"v":45472,"d":"₹ 45,472"},"IT",0]
["Tanvi",46,"Yes",{"v":31103,"d":"₹ 31,103"},"HR",5000]
["Priya",48,"Yes",{"v":38916,"d":"₹ 38,916"},"Marketing",5000]
["Rahul",43,"Yes",{"v":40270,"d":"₹ 40,270"},"Finance",5000]
["Pooja",37,"No",{"v":49878,"d":"₹ 49,878"},"IT",0]
["Suresh",44,"Yes",{"v":36591,"d":"₹ 36,591"},"Sales",5000]
["Ritika",36,"No",{"v":30300,"d":"₹ 30,300"},"Sales",0]
["Meena",41,"Yes",{"v":26068,"d":"₹ 26,068"},"Sales",5000]
["Anjali",47,"Yes",{"v":25590,"d":"₹ 25,590"},"Sales",5000]
["Deepak",48,"Yes",{"v":38046,"d":"₹ 38,046"},"Marketing",5000]
["Siddharth",35,"No",{"v":43275,"d":"₹ 43,275"},"Marketing",0]
["Anjali",43,"Yes",{"v":25350,"d":"₹ 25,350"},"Marketing",5000]
["Ravi",37,"No",{"v":34768,"d":"₹ 34,768"},"HR",0]
["Tanvi",44,"Yes",{"v":25145,"d":"₹ 25,145"},"IT",5000]
["Sneha",50,"Yes",{"v":41340,"d":"₹ 41,340"},"IT",5000]
["Suresh",39,"No",{"v":31240,"d":"₹ 31,240"},"Sales",0]
["Deepak",49,"Yes",{"v":30607,"d":"₹ 30,607"},"Finance",5000]
["Rahul",50,"Yes",{"v":25175,"d":"₹ 25,175"},"HR",5000]
["Rahul",38,"No",{"v":28468,"d":"₹ 28,468"},"IT",0]
["Rahul",49,"Yes",{"v":46700,"d":"₹ 46,700"},"Sales",5000]
["Karan",49,"Yes",{"v":43118,"d":"₹ 43,118"},"Sales",5000]
["Tanvi",36,"No",{"v":35522,"d":"₹ 35,522"},"Sales",0]
["Priya",37,"No",{"v":38071,"d":"₹ 38,071"},"Finance",0]
["Neha",50,"Yes",{"v":39747,"d":"₹ 39,747"},"Marketing",5000]
["Suresh",42,"Yes",{"v":48441,"d":"₹ 48,441"},"Finance",5000]
["Vikram",40,"No",{"v":26088,"d":"₹ 26,088"},"HR",0]
["Ravi",49,"Yes",{"v":40983,"d":"₹ 40,983"},"IT",5000]
["Pooja",37,"No",{"v":30599,"d":"₹ 30,599"},"IT",0]

{"sheet":"Alt HOA","index":2,"n_rows":7,"n_cols":5,"rows_kept":7}
["Student Name","Subject","Marks","Attendance %","Pass/Fail Status"]
["Harshit","Math",85,80,"Pass"]
["Raj","Science",92,72,"Pass"]
["Ishita","History",33,45,"Fail"]
["Anshika","Math",88,91,"Pass"]
["Zaiba","Science",95,88,"Pass"]
["Sanskar","English",76,65,"Pass"]

{"sheet":"Alt HOI","index":3,"n_rows":7,"n_cols":5,"rows_kept":7}
["Student Name","Subject","Marks","Attendance %","Pass/Fail Status"]
["Harshit","Math",85,80,"Pass"]
["Raj","Science",92,72,"Pass"]
["Ishita","History",33,45,"Fail"]
["Anshika","Math",88,91,"Pass"]
["Zaiba","Science",95,88,"Pass"]
["Sanskar","English",76,65,"Pass"]

{"sheet":"Alt H1","index":4,"n_rows":6,"n_cols":7,"rows_kept":6}
["Employee ID","Name","Department","Salary","Bonus Percentage","Bonus","Total Compensation"]
[101,"Amit Singh","HR",{"v":50000,"d":"50,000"},0.1,{"v":5000,"d":"5,000"},{"v":55000,"d":"55,000"}]
[102,"Bhavesh Joshi","IT",{"v":70000,"d":"70,000"},0.1,{"v":7000,"d":"7,000"},{"v":77000,"d":"77,000"}]
[103,"Chitra Gupta","Finance",{"v":60000,"d":"60,000"},0.1,{"v":6000,"d":"6,000"},{"v":66000,"d":"66,000"}]
[104,"Devendra Kumar","Marketing",{"v":55000,"d":"55,000"},0.1,{"v":5500,"d":"5,500"},{"v":60500,"d":"60,500"}]
[105,"Eshaan Tehlani","Sales",{"v":65000,"d":"65,000"},0.1,{"v":6500,"d":"6,500"},{"v":71500,"d":"71,500"}]

{"sheet":"Alt H2","index":5,"n_rows":6,"n_cols":7,"rows_kept":6}
["Employee ID","Name","Department","Salary","Bonus Percentage","Bonus","Total Compensation"]
[101,"Amit Singh","HR",{"v":50000,"d":"50,000"},0.1,{"v":5000,"d":"5,000"},{"v":55000,"d":"55,000"}]
[102,"Bhavesh Joshi","IT",{"v":70000,"d":"70,000"},0.1,{"v":7000,"d":"7,000"},{"v":77000,"d":"77,000"}]
[103,"Chitra Gupta","Finance",{"v":60000,"d":"60,000"},0.1,{"v":6000,"d":"6,000"},{"v":66000,"d":"66,000"}]
[104,"Devendra Kumar","Marketing",{"v":55000,"d":"55,000"},0.1,{"v":5500,"d":"5,500"},{"v":60500,"d":"60,500"}]
[105,"Eshaan Tehlani","Sales",{"v":65000,"d":"65,000"},0.1,{"v":6500,"d":"6,500"},{"v":71500,"d":"71,500"}]

{"sheet":"Alt H3U","index":6,"n_rows":6,"n_cols":7,"rows_kept":6}
["Employee ID","Name","Department","Salary","Bonus Percentage","Bonus","Total Compensation"]
[101,"Amit Singh","HR",{"v":50000,"d":"50,000"},0.1,{"v":5000,"d":"5,000"},{"v":55000,"d":"55,000"}]
[102,"Bhavesh Joshi","IT",{"v":70000,"d":"70,000"},0.1,{"v":7000,"d":"7,000"},{"v":77000,"d":"77,000"}]
[103,"Chitra Gupta","Finance",{"v":60000,"d":"60,000"},0.1,{"v":6000,"d":"6,000"},{"v":66000,"d":"66,000"}]
[104,"Devendra Kumar","Marketing",{"v":55000,"d":"55,000"},0.1,{"v":5500,"d":"5,500"},{"v":60500,"d":"60,500"}]
[105,"Eshaan Tehlani","Sales",{"v":65000,"d":"65,000"},0.1,{"v":6500,"d":"6,500"},{"v":71500,"d":"71,500"}]

{"sheet":"Alt HP","index":7,"n_rows":6,"n_cols":7,"rows_kept":6}
["Employee ID","Name","Department","Salary","Bonus Percentage","Bonus","Total Compensation"]
[101,"Amit Singh","HR",{"v":50000,"d":"50,000"},0.1,{"v":5000,"d":"5,000"},{"v":55000,"d":"55,000"}]
[102,"Bhavesh Joshi","IT",{"v":70000,"d":"70,000"},0.1,{"v":7000,"d":"7,000"},{"v":77000,"d":"77,000"}]
[103,"Chitra Gupta","Finance",{"v":60000,"d":"60,000"},0.1,{"v":6000,"d":"6,000"},{"v":66000,"d":"66,000"}]
[104,"Devendra Kumar","Marketing",{"v":55000,"d":"55,000"},0.1,{"v":5500,"d":"5,500"},{"v":60500,"d":"60,500"}]
[105,"Eshaan Tehlani","Sales",{"v":65000,"d":"65,000"},0.1,{"v":6500,"d":"6,500"},{"v":71500,"d":"71,500"}]

{"sheet":"Alt H0","index":8,"n_rows":6,"n_cols":7,"rows_kept":6}
["Employee ID","Name","Department","Salary","Bonus Percentage","Bonus","Total Compensation"]
[101,"Amit Singh","HR",{"v":50000,"d":"50,000"},{"v":0.1,"d":"10%"},{"v":5000,"d":"5,000"},{"v":55000,"d":"55,000"}]
[102,"Bhavesh Joshi","IT",{"v":70000,"d":"70,000"},{"v":0.1,"d":"10%"},{"v":7000,"d":"7,000"},{"v":77000,"d":"77,000"}]
[103,"Chitra Gupta","Finance",{"v":60000,"d":"60,000"},{"v":0.1,"d":"10%"},{"v":6000,"d":"6,000"},{"v":66000,"d":"66,000"}]
[104,"Devendra Kumar","Marketing",{"v":55000,"d":"55,000"},{"v":0.1,"d":"10%"},{"v":5500,"d":"5,500"},{"v":60500,"d":"60,500"}]
[105,"Eshaan Tehlani","Sales",{"v":65000,"d":"65,000"},{"v":0.1,"d":"10%"},{"v":6500,"d":"6,500"},{"v":71500,"d":"71,500"}]

{"sheet":"Alt H9","index":9,"n_rows":6,"n_cols":7,"rows_kept":6}
["Employee ID","Name","Department","Salary","Bonus Percentage","Bonus","Total Compensation"]
[101,"Amit Singh","HR",{"v":50000,"d":"50,000"},{"v":0.1,"d":"10%"},{"v":5000,"d":"5,000"},{"v":55000,"d":"55,000.0"}]
[102,"Bhavesh Joshi","IT",{"v":70000,"d":"70,000"},{"v":0.1,"d":"10%"},{"v":7000,"d":"7,000"},{"v":77000,"d":"77,000.0"}]
[103,"Chitra Gupta","Finance",{"v":60000,"d":"60,000"},{"v":0.1,"d":"10%"},{"v":6000,"d":"6,000"},{"v":66000,"d":"66,000.0"}]
[104,"Devendra Kumar","Marketing",{"v":55000,"d":"55,000"},{"v":0.1,"d":"10%"},{"v":5500,"d":"5,500"},{"v":60500,"d":"60,500.0"}]
[105,"Eshaan Tehlani","Sales",{"v":65000,"d":"65,000"},{"v":0.1,"d":"10%"},{"v":6500,"d":"6,500"},{"v":71500,"d":"71,500.0"}]

{"sheet":"Alt HMC","index":10,"n_rows":21,"n_cols":4,"rows_kept":21}
["Region","Sales (₹)","Employee Name","Batch"]
["North",{"v":125000,"d":"₹ 125,000"},"Rajesh Sharma","A101"]
[null,{"v":98500,"d":"₹ 98,500"},"Priya Verma","A102"]
[null,{"v":110000,"d":"₹ 110,000"},"Suresh Kumar","A103"]
[null,{"v":145200,"d":"₹ 145,200"},"Neha Gupta","A104"]
[null,{"v":130800,"d":"₹ 130,800"},"Anil Yadav","A105"]
["South",{"v":88700,"d":"₹ 88,700"},"Ramesh Reddy","B201"]
[null,{"v":92300,"d":"₹ 92,300"},"Lakshmi Narayan","B202"]
[null,{"v":105600,"d":"₹ 105,600"},"Deepa Iyer","B203"]
[null,{"v":112900,"d":"₹ 112,900"},"Vinod Kumar","B204"]
[null,{"v":95400,"d":"₹ 95,400"},"Swathi Rao","B205"]
["West",{"v":108200,"d":"₹ 108,200"},"Mahesh Patil","C301"]
[null,{"v":99600,"d":"₹ 99,600"},"Pooja Deshmukh","C302"]
[null,{"v":115400,"d":"₹ 115,400"},"Amit Jadhav","C303"]
[null,{"v":120300,"d":"₹ 120,300"},"Sunita More","C304"]
[null,{"v":105900,"d":"₹ 105,900"},"Rohan Joshi","C305"]
["East",{"v":100700,"d":"₹ 100,700"},"Subhash Ghosh","D401"]
[null,{"v":95300,"d":"₹ 95,300"},"Arpita Sen","D402"]
[null,{"v":112500,"d":"₹ 112,500"},"Ranjan Das","D403"]
[null,{"v":118800,"d":"₹ 118,800"},"Priyanka Banerjee","D404"]
[null,{"v":109200,"d":"₹ 109,200"},"Suman Dutta","D405"]

{"sheet":"Alt HMU","index":11,"n_rows":21,"n_cols":4,"rows_kept":21,"merged":[[1,0,5,0],[6,0,10,0],[11,0,15,0],[16,0,20,0]]}
["Region","Sales (₹)","Employee Name","Batch"]
["North",{"v":125000,"d":"₹ 125,000"},"Rajesh Sharma","A101"]
[null,{"v":98500,"d":"₹ 98,500"},"Priya Verma","A102"]
[null,{"v":110000,"d":"₹ 110,000"},"Suresh Kumar","A103"]
[null,{"v":145200,"d":"₹ 145,200"},"Neha Gupta","A104"]
[null,{"v":130800,"d":"₹ 130,800"},"Anil Yadav","A105"]
["South",{"v":88700,"d":"₹ 88,700"},"Ramesh Reddy","B201"]
[null,{"v":92300,"d":"₹ 92,300"},"Lakshmi Narayan","B202"]
[null,{"v":105600,"d":"₹ 105,600"},"Deepa Iyer","B203"]
[null,{"v":112900,"d":"₹ 112,900"},"Vinod Kumar","B204"]
[null,{"v":95400,"d":"₹ 95,400"},"Swathi Rao","B205"]
["West",{"v":108200,"d":"₹ 108,200"},"Mahesh Patil","C301"]
[null,{"v":99600,"d":"₹ 99,600"},"Pooja Deshmukh","C302"]
[null,{"v":115400,"d":"₹ 115,400"},"Amit Jadhav","C303"]
[null,{"v":120300,"d":"₹ 120,300"},"Sunita More","C304"]
[null,{"v":105900,"d":"₹ 105,900"},"Rohan Joshi","C305"]
["East",{"v":100700,"d":"₹ 100,700"},"Subhash Ghosh","D401"]
[null,{"v":95300,"d":"₹ 95,300"},"Arpita Sen","D402"]
[null,{"v":112500,"d":"₹ 112,500"},"Ranjan Das","D403"]
[null,{"v":118800,"d":"₹ 118,800"},"Priyanka Banerjee","D404"]
[null,{"v":109200,"d":"₹ 109,200"},"Suman Dutta","D405"]